000 00256nam a22001217a 4500
003 SGT
082 _a618.92
_bC17C
100 _aCHEUNG. RONNY
245 _a100 CASES IN PEDIATRICS
260 _aBACA RATON
_bCRC
_c2017
300 _a331
942 _2ddc
_cBK
999 _c14992
_d14992